000 00508nam a2200157 i 4500
001 58660
003 ES-MaACL
005 20230906163845.0
007 t|
008 031023s1933 sp ||||1| spa d
245 0 3 _aLa educación y la solidaridad /
_ctrabajos presentados en el Tercer Congreso Internacional de Educación Moral.
260 _aMadrid :
_bEspasa-Calpe,
_c1935.
300 _a240 p. ;
_c19 cm.
711 2 _aCongreso Internacional de Educación Moral (
_n3º)
_9420
852 _aES-MaACL
_jA-4663
999 _c58660
_d58660